00257nam a2200097 a 450000500170000000800410001705000220005810000240008024500200010426000350012420140414131849.0100727s19uu xx 00 eng d aM 323.4bK58 1997 aKing, Martin Luther aI have a dream. aNew York :bScholastic,c1997.